[Event "Verbandsliga 2019-20"]
[Site "MVP"]
[Date "2019.11.24"]
[Round "3.7"]
[White "Piske, Thomas"]
[Black "Vladov, Mark"]
[Result "1-0"]
[WhiteElo "1944"]
[BlackElo "1738"]
[Annotator "user"]
[PlyCount "105"]
[EventDate "2019.09.29"]
[EventType "team-tourn"]
[EventRounds "9"]
[WhiteTeam "BW Grevesmuehlen"]
[BlackTeam "Turbine Rostock"]
[WhiteTeamCountry "GER"]
[BlackTeamCountry "GER"]

1. e4 c5 2. Nf3 Nc6 3. d4 cxd4 4. Nxd4 Nf6 5. Nc3 e6 6. a3 Qa5 7. Nb3 Qe5 8. f4
Qb8 9. e5 Ng8 10. Ne4 Nxe5 11. fxe5 Qxe5 12. Qd4 Qc7 13. Nc3 e5 14. Qc4 Qc6 15.
Nd5 Bd6 16. Be3 Ne7 17. Nxe7 Bxe7 18. O-O-O b6 19. Qxc6 dxc6 20. Bc4 b5 21. Bd3
f5 22. Bc5 a5 23. Bxe7 Kxe7 24. Rhe1 e4 25. Bf1 Be6 26. Nc5 Bd5 27. Nb3 b4 28.
a4 Rhc8 29. Nd2 c5 30. Bc4 Bc6 31. b3 Kf6 32. g3 Rd8 33. Nf1 Rd4 34. Ne3 Rad8
35. Rf1 g6 36. g4 Rxd1+ 37. Rxd1 Rd4 38. gxf5 Rxd1+ 39. Kxd1 gxf5 40. Bd5 Bd7
41. Nc4 Be6 42. Bxe6 Kxe6 43. Ke2 f4 44. Nxa5 Kd5 45. Kd2 Kd4 {hier fehlen
zwei Weiße Züge, es folgt bereits a6 auf dem Partieformular, das zweite ist
unvollständig} 46. Nc4 h5 {irgendwas muss Schwarz gespielt haben, dieser und
der folgende 47. Zug von Schwarz wären denkbar nach der Folgenotation (es
folgten dann ab dem nunmehr 49.Zug für Schwarz erneut mehrere Schreibfehler
bei dem einzigen Partieformular)} 47. a5 h4 48. a6 e3+ 49. Ke2 Kc3 50. a7 Kxc2
51. Na5 c4 52. bxc4 Kc3 53. a8=Q {1-0 (53) Piske,T (1782)-Vladov,M (1625)
Verbandsliga 2019/20 2019 [User,Windows]} 1-0

[Event "Verbandsliga 2019-20"]
[Site "MVP"]
[Date "2019.12.08"]
[Round "4.1"]
[White "Schinke, Andreas"]
[Black "Fischer, Torsten"]
[Result "1-0"]
[WhiteElo "2093"]
[BlackElo "2026"]
[PlyCount "121"]
[EventDate "2019.09.29"]
[EventType "team-tourn"]
[EventRounds "9"]
[WhiteTeam "BW Grevesmuehlen"]
[BlackTeam "SF Schwerin III"]
[WhiteTeamCountry "GER"]
[BlackTeamCountry "GER"]

1. c4 Nf6 2. Nc3 c5 3. Nf3 Nc6 4. d4 cxd4 5. Nxd4 g6 6. g3 Bg7 7. Bg2 O-O 8.
O-O Ne5 9. b3 d6 10. Bb2 Rb8 11. Qd2 Bd7 12. h3 Qa5 13. Rfd1 Nc6 14. Nc2 Qh5
15. g4 Qh4 16. Ne1 Bh6 17. Nf3 Bxd2 18. Nxh4 Bh6 19. Nf3 Bg7 20. Rac1 Ne4 21.
Rc2 Nxc3 22. Bxc3 Bxc3 23. Rxc3 Rfd8 24. Rcd3 b6 25. e4 f6 26. R3d2 Kf7 27. Ne1
g5 28. Nc2 h5 29. f3 Be6 30. Ne3 Ne5 31. Kf2 Rdc8 32. Bf1 a5 33. Nd5 Rc6 34.
gxh5 Kf8 35. f4 Nf7 36. f5 Bd7 37. a4 Ne5 38. Be2 Kf7 39. h4 Rg8 40. hxg5 Rxg5
41. Rg1 Rxg1 42. Kxg1 e6 43. fxe6+ Bxe6 44. Nf4 Ke7 45. Bd1 Bg8 46. Rg2 Kf8 47.
Kf2 Rc7 48. Ke3 Rg7 49. Rxg7 Kxg7 50. Ne2 Kh6 51. Nd4 Kg5 52. Nf5 Nf7 53. Ne7
Bh7 54. Nc8 f5 55. exf5 Bxf5 56. Nxb6 Kf6 57. Kd4 Ke6 58. c5 dxc5+ 59. Kxc5 Nd6
60. Nc4 Ne4+ 61. Kd4 1-0

[Event "Verbandsliga 2019-20"]
[Site "MVP"]
[Date "2019.12.08"]
[Round "4.2"]
[White "Kross, Gunnar"]
[Black "Boehme, Andy"]
[Result "1/2-1/2"]
[WhiteElo "2049"]
[BlackElo "2058"]
[PlyCount "47"]
[EventDate "2019.09.29"]
[EventType "team-tourn"]
[EventRounds "9"]
[WhiteTeam "SF Schwerin III"]
[BlackTeam "BW Grevesmuehlen"]
[WhiteTeamCountry "GER"]
[BlackTeamCountry "GER"]

1. Nf3 Nf6 2. g3 b6 3. Bg2 Bb7 4. O-O g6 5. d4 Bg7 6. c4 O-O 7. Nc3 Ne4 8. Nxe4
Bxe4 9. b3 d6 10. Bb2 Nd7 11. Qd2 e6 12. Rfd1 Qe7 13. e3 f5 14. Ne1 Bxg2 15.
Nxg2 Nf6 16. Qe2 g5 17. Rac1 Rad8 18. c5 bxc5 19. dxc5 Ne4 20. cxd6 cxd6 21.
Bxg7 Qxg7 22. Qc4 d5 23. Qa6 Rd6 24. Qa5 1/2-1/2

[Event "Verbandsliga 2019-20"]
[Site "MVP"]
[Date "2019.12.08"]
[Round "4.3"]
[White "Naujok, Joerg"]
[Black "Kutschke, Peter"]
[Result "1/2-1/2"]
[WhiteElo "2055"]
[BlackElo "1993"]
[PlyCount "76"]
[EventDate "2019.09.29"]
[EventType "team-tourn"]
[EventRounds "9"]
[WhiteTeam "BW Grevesmuehlen"]
[BlackTeam "SF Schwerin III"]
[WhiteTeamCountry "GER"]
[BlackTeamCountry "GER"]

1. Nf3 d5 2. g3 Bf5 3. d3 h6 4. Bg2 c6 5. O-O Nd7 6. Nbd2 Ngf6 7. Re1 e5 8. e4
dxe4 9. dxe4 Be6 10. b3 Qc7 11. Bb2 Be7 12. Qe2 O-O 13. h3 Rfe8 14. Rad1 a5 15.
Nc4 Bb4 16. c3 Bf8 17. Nh4 b5 18. Ne3 Nb6 19. Bc1 g6 20. Ng4 Nxg4 21. hxg4 a4
22. b4 Rad8 23. g5 Bc4 24. Qc2 hxg5 25. Bxg5 Be7 26. Bxe7 Qxe7 27. Bf1 Be6 28.
Nf3 Nc4 29. Nd2 Bg4 30. Nxc4 Bxd1 31. Rxd1 Rxd1 32. Qxd1 bxc4 33. Bxc4 Ra8 34.
Kf1 Ra7 35. Qg4 Kg7 36. Qc8 Qd7 37. Qb8 Rc7 38. Kg2 a3 1/2-1/2

[Event "Verbandsliga 2019-20"]
[Site "MVP"]
[Date "2019.12.08"]
[Round "4.4"]
[White "Kupfernagel, Michael"]
[Black "Stiegler, Maik"]
[Result "1-0"]
[WhiteElo "2030"]
[BlackElo "1997"]
[PlyCount "67"]
[EventDate "2019.09.29"]
[EventType "team-tourn"]
[EventRounds "9"]
[WhiteTeam "SF Schwerin III"]
[BlackTeam "BW Grevesmuehlen"]
[WhiteTeamCountry "GER"]
[BlackTeamCountry "GER"]

1. d4 d5 2. Nc3 e6 3. e4 dxe4 4. Nxe4 Nf6 5. Bg5 Be7 6. Bxf6 Bxf6 7. Nf3 O-O 8.
Qd3 b6 9. Nxf6+ Qxf6 10. Qe4 c6 11. Bd3 g6 12. h4 Bb7 13. Ne5 Qe7 14. O-O-O c5
15. Qf4 cxd4 16. h5 g5 17. Qxd4 f6 18. Ng4 Nc6 19. Qe3 Nb4 20. Bc4 Rae8 21.
Rhe1 Qc7 22. Bxe6+ Kh8 23. Qb3 Qf4+ 24. Qe3 Qc7 25. Qd2 Rxe6 26. Rxe6 Nxa2+ 27.
Kb1 Qc4 28. Qe2 Qa4 29. Re3 Nb4 30. Ra3 Qc6 31. Rxa7 Re8 32. Qd2 Rc8 33. Ne3
Qc5 34. Rxb7 1-0

[Event "Verbandsliga 2019-20"]
[Site "MVP"]
[Date "2019.12.08"]
[Round "4.5"]
[White "Streit, Bodo"]
[Black "Krueger, Gerhard"]
[Result "1/2-1/2"]
[WhiteElo "1872"]
[BlackElo "1972"]
[PlyCount "87"]
[EventDate "2019.09.29"]
[EventType "team-tourn"]
[EventRounds "9"]
[WhiteTeam "BW Grevesmuehlen"]
[BlackTeam "SF Schwerin III"]
[WhiteTeamCountry "GER"]
[BlackTeamCountry "GER"]

1. b4 e5 2. Bb2 Bxb4 3. Bxe5 Nf6 4. Nf3 O-O 5. e3 d6 6. Bb2 Bg4 7. h3 Bh5 8. c4
Nbd7 9. Qb3 Ba5 10. Bc3 Nc5 11. Qb2 Bxc3 12. Nxc3 Bg6 13. d4 Nce4 14. Nd2 Re8
15. Ncxe4 Nxe4 16. Nf3 c6 17. Be2 Qa5+ 18. Kf1 Qf5 19. g4 Qd7 20. Nh4 Qe6 21.
Ng2 f5 22. Nf4 Qf6 23. Rh2 Bf7 24. Rg2 Kh8 25. gxf5 Qxf5 26. d5 Qf6 27. Rb1
cxd5 28. cxd5 Qxb2 29. Rxb2 b6 30. Ba6 Re5 31. Bb7 Rf8 32. Rc2 Nc5 33. Bc6 g5
34. Ne6 Bxe6 35. dxe6 Nxe6 36. Rd2 Rd8 37. e4 h6 38. Rg4 Nf4 39. h4 Rc5 40. Ba4
Rc4 41. Bb3 Rxe4 42. hxg5 hxg5 43. Rxg5 Rde8 44. Rd1 1/2-1/2

[Event "Verbandsliga 2019-20"]
[Site "MVP"]
[Date "2019.12.08"]
[Round "4.6"]
[White "Kirstein, Hans-Ernst"]
[Black "Piske, Thomas"]
[Result "1/2-1/2"]
[WhiteElo "1886"]
[BlackElo "1944"]
[PlyCount "21"]
[EventDate "2019.09.29"]
[EventType "team-tourn"]
[EventRounds "9"]
[WhiteTeam "SF Schwerin III"]
[BlackTeam "BW Grevesmuehlen"]
[WhiteTeamCountry "GER"]
[BlackTeamCountry "GER"]

1. e4 d6 2. d4 Nf6 3. Nc3 g6 4. Nf3 Bg7 5. h3 O-O 6. Be3 c6 7. Qd2 b5 8. a3 a5
9. d5 Bb7 10. dxc6 Bxc6 11. Bxb5 1/2-1/2

[Event "Verbandsliga 2019-20"]
[Site "MVP"]
[Date "2019.12.08"]
[Round "4.8"]
[White "Neubert, Conrad"]
[Black "Wulff, Jens-Peter"]
[Result "1-0"]
[WhiteElo "1722"]
[BlackElo "1801"]
[PlyCount "69"]
[EventDate "2019.09.29"]
[EventType "team-tourn"]
[EventRounds "9"]
[WhiteTeam "SF Schwerin III"]
[BlackTeam "BW Grevesmuehlen"]
[WhiteTeamCountry "GER"]
[BlackTeamCountry "GER"]

1. d4 c6 2. c4 d6 3. Nf3 g6 4. Nc3 Bg7 5. e4 Nh6 6. Bd3 O-O 7. Bf4 f6 8. d5 c5
9. O-O Bg4 10. h3 g5 11. Bd2 Bd7 12. h4 g4 13. Nh2 Qe8 14. Bb1 Nf7 15. Qc2 Ne5
16. f4 Nxc4 17. e5 f5 18. e6 Bc8 19. Bc1 Qg6 20. b3 Nb6 21. Bb2 h5 22. Rc1 Na6
23. a3 Nc7 24. Qd3 Bd4+ 25. Kh1 Nbxd5 26. Nxd5 Nxd5 27. Bxd4 Qxe6 28. Bb2 Nxf4
29. Qc3 Kf7 30. Re1 Ne2 31. Qd3 Nc1 32. Qd1 Qxb3 33. Qxc1 Qg3 34. Ba2+ Ke8 35.
Qg5 1-0

[Event "Verbandsliga 2019-20"]
[Site "MVP"]
[Date "2019.12.08"]
[Round "4.1"]
[White "Wolke, Heiko"]
[Black "Reyer, Ulli"]
[Result "1-0"]
[WhiteElo "2036"]
[BlackElo "2119"]
[PlyCount "73"]
[EventDate "2019.09.29"]
[EventType "team-tourn"]
[EventRounds "9"]
[WhiteTeam "Turbine Rostock"]
[BlackTeam "Greifswalder SV II"]
[WhiteTeamCountry "GER"]
[BlackTeamCountry "GER"]

1. e4 Nc6 2. Nf3 d5 3. exd5 Qxd5 4. Nc3 Qa5 5. Bb5 Bd7 6. O-O a6 7. Bc4 e6 8.
Ne4 Be7 9. c3 b5 10. Bb3 Nf6 11. Qe2 O-O 12. d4 b4 13. c4 Rfe8 14. Bf4 Qf5 15.
Nxf6+ Bxf6 16. Be3 Qh5 17. Qd2 a5 18. Bd1 Qf5 19. Bc2 Qh5 20. Be4 Rad8 21. Rad1
Ne7 22. Bf4 Bc6 23. Bxc6 Nxc6 24. Bxc7 Rd7 25. Qf4 h6 26. Be5 Be7 27. Qe4 Nxe5
28. dxe5 Rc7 29. Rd2 Qf5 30. Qxf5 exf5 31. b3 g5 32. Rfd1 Bc5 33. Rd8 Kf8 34.
Rxe8+ Kxe8 35. Rd5 Ke7 36. Ne1 Ke6 37. Nd3 1-0

[Event "Verbandsliga 2019-20"]
[Site "MVP"]
[Date "2019.12.08"]
[Round "4.2"]
[White "Troyke, Jannis"]
[Black "Ruesch, Hans-Joachim"]
[Result "1/2-1/2"]
[WhiteElo "1772"]
[BlackElo "2056"]
[PlyCount "120"]
[EventDate "2019.09.29"]
[EventType "team-tourn"]
[EventRounds "9"]
[WhiteTeam "Greifswalder SV II"]
[BlackTeam "Turbine Rostock"]
[WhiteTeamCountry "GER"]
[BlackTeamCountry "GER"]

1. e4 g6 2. d4 Bg7 3. Nc3 d6 4. f4 Nc6 5. Be3 Nf6 6. Nf3 O-O 7. Be2 Ng4 8. Bg1
e5 9. d5 Nb8 10. h3 Nf6 11. fxe5 dxe5 12. Be3 c6 13. O-O cxd5 14. exd5 e4 15.
Ne5 Qe7 16. Nc4 Rd8 17. d6 Qe6 18. Nb5 Ne8 19. Bxa7 Rxa7 20. Nxa7 Bd7 21. Qd2
b5 22. Ne3 Nxd6 23. Nxb5 Nxb5 24. Bxb5 Qb6 25. Bxd7 Rxd7 26. Qe2 Nc6 27. Kh1
Qxb2 28. Qc4 Qb7 29. Rab1 Qc7 30. Qxe4 Re7 31. Qf3 Rd7 32. Nd5 Qd6 33. Nf6+
Bxf6 34. Qxf6 Qc7 35. Rfe1 Rd8 36. Re4 Qd7 37. Rbe1 Rf8 38. Qf2 Nd8 39. a4 Ne6
40. Qe3 Ra8 41. Ra1 Ng7 42. Re7 Qd6 43. Rxf7 Kxf7 44. Qf3+ Nf5 45. Qxa8 Ng3+
46. Kg1 Qd4+ 47. Kh2 Qxa1 48. Qb7+ Kf6 49. Qc6+ Kg5 50. Kxg3 h5 51. Qc5+ Kh6
52. a5 Qe1+ 53. Kh2 Qe2 54. c4 Qa2 55. Qc7 h4 56. c5 Qa3 57. c6 Qa4 58. Qd6
Qxa5 59. c7 Qf5 60. Qd8 Qe5+ 1/2-1/2

[Event "Verbandsliga 2019-20"]
[Site "MVP"]
[Date "2019.12.08"]
[Round "4.3"]
[White "Hamann, Dirk"]
[Black "Schwahn, Christian"]
[Result "0-1"]
[WhiteElo "1987"]
[BlackElo "1973"]
[PlyCount "58"]
[EventDate "2019.09.29"]
[EventType "team-tourn"]
[EventRounds "9"]
[WhiteTeam "Turbine Rostock"]
[BlackTeam "Greifswalder SV II"]
[WhiteTeamCountry "GER"]
[BlackTeamCountry "GER"]

1. e4 Nf6 2. e5 Nd5 3. d4 d6 4. exd6 cxd6 5. Nf3 e6 6. Bd3 Be7 7. O-O Bd7 8.
Re1 h6 9. Nbd2 Nf4 10. Bf1 g5 11. Ne4 Ng6 12. c4 g4 13. Nfd2 h5 14. Qb3 Qb6 15.
Qxb6 axb6 16. d5 e5 17. Nb3 Na6 18. Bd2 Nc5 19. Nbxc5 bxc5 20. b3 f5 21. Nc3
Kf7 22. a4 h4 23. Nb5 Bxb5 24. axb5 Bf6 25. Bc3 e4 26. Bxf6 Kxf6 27. Rxa8 Rxa8
28. f3 gxf3 29. gxf3 Ne5 0-1

[Event "Verbandsliga 2019-20"]
[Site "MVP"]
[Date "2019.12.08"]
[Round "4.4"]
[White "Gwiazda, Slawomir"]
[Black "Schmidt, Reinhard"]
[Result "1/2-1/2"]
[WhiteElo "1960"]
[BlackElo "1898"]
[PlyCount "49"]
[EventDate "2019.09.29"]
[EventType "team-tourn"]
[EventRounds "9"]
[WhiteTeam "Greifswalder SV II"]
[BlackTeam "Turbine Rostock"]
[WhiteTeamCountry "GER"]
[BlackTeamCountry "GER"]

1. d4 Nf6 2. Bg5 e6 3. Nd2 c5 4. e3 Be7 5. Ngf3 Nc6 6. c3 b6 7. Bd3 Bb7 8. O-O
h6 9. Bh4 Nh5 10. Bxe7 Qxe7 11. Qe2 Nf6 12. e4 cxd4 13. cxd4 d5 14. e5 Nd7 15.
Qe3 O-O 16. a3 Rfc8 17. Ne1 Nf8 18. f4 Rc7 19. Rf3 f5 20. exf6 Qxf6 21. Nc2 Ne7
22. g4 Rac8 23. Rc1 Qh4 24. Rg3 Nc6 25. Nf3 1/2-1/2

[Event "Verbandsliga 2019-20"]
[Site "MVP"]
[Date "2019.12.08"]
[Round "4.5"]
[White "Boecking, Uwe"]
[Black "Valet, Richard"]
[Result "1/2-1/2"]
[WhiteElo "1769"]
[BlackElo "2051"]
[PlyCount "89"]
[EventDate "2019.09.29"]
[EventType "team-tourn"]
[EventRounds "9"]
[WhiteTeam "Turbine Rostock"]
[BlackTeam "Greifswalder SV II"]
[WhiteTeamCountry "GER"]
[BlackTeamCountry "GER"]

1. e4 c5 2. Nf3 Nc6 3. d4 cxd4 4. Nxd4 Nf6 5. Nc3 e5 6. Ndb5 d6 7. Bg5 a6 8.
Na3 b5 9. Bxf6 gxf6 10. Nd5 Bg7 11. c3 f5 12. Bd3 Be6 13. Nc2 O-O 14. Ncb4 Bxd5
15. Nxd5 fxe4 16. Bxe4 f5 17. Nf6+ Qxf6 18. Bxc6 Ra7 19. Bd5+ Kh8 20. O-O e4
21. Rb1 Qg6 22. Qe2 Re7 23. f4 h5 24. Qe3 Bf6 25. Rf2 h4 26. Rd1 Rh7 27. Rfd2
Rb8 28. Bb3 Rg7 29. Rf1 Bd8 30. Qe2 Bb6+ 31. Kh1 e3 32. Rd3 Re8 33. Rfd1 Bc5
34. Bd5 Qg4 35. Qf3 a5 36. Re1 b4 37. c4 Ree7 38. Re2 Kh7 39. Qf1 Qg6 40. Qf3
Qg4 41. Qf1 a4 42. Qf3 Rg6 43. Rd1 Reg7 44. Rd3 Rh6 45. Rd1 1/2-1/2

[Event "Verbandsliga 2019-20"]
[Site "MVP"]
[Date "2019.12.08"]
[Round "4.6"]
[White "Grehl, Tino"]
[Black "Vladov, Mark"]
[Result "1-0"]
[WhiteElo "1994"]
[BlackElo "1738"]
[PlyCount "69"]
[EventDate "2019.09.29"]
[EventType "team-tourn"]
[EventRounds "9"]
[WhiteTeam "Greifswalder SV II"]
[BlackTeam "Turbine Rostock"]
[WhiteTeamCountry "GER"]
[BlackTeamCountry "GER"]

1. c4 Nf6 2. Nc3 c5 3. e4 Nc6 4. d3 d6 5. h3 e6 6. Bg5 h6 7. Bh4 Be7 8. Bg3 O-O
9. Nf3 Bd7 10. Be2 a6 11. O-O Nh7 12. d4 Nxd4 13. Nxd4 cxd4 14. Qxd4 Bc6 15.
Rad1 e5 16. Qd2 Qc8 17. f3 Rd8 18. Qc1 Bg5 19. f4 exf4 20. Bxf4 Qe6 21. Bd3
Rac8 22. Bxg5 Nxg5 23. Qf4 Qg6 24. Kh2 Ne6 25. Qf2 Qh5 26. Nd5 Bxd5 27. exd5
Nc5 28. Bb1 Qe5+ 29. Kg1 Rc7 30. Rde1 Qh5 31. Qc2 g6 32. b3 Nd7 33. Re7 Qh4 34.
Rfxf7 Ne5 35. Rxc7 1-0

[Event "Verbandsliga 2019-20"]
[Site "MVP"]
[Date "2019.12.08"]
[Round "4.1"]
[White "Seiler, Dirk"]
[Black "Stoevesand, Peter"]
[Result "0-1"]
[WhiteElo "2122"]
[BlackElo "1754"]
[PlyCount "86"]
[EventDate "2019.09.29"]
[EventType "team-tourn"]
[EventRounds "9"]
[WhiteTeam "SG Guestrow/Teterow"]
[BlackTeam "SG Neubrandenburg"]
[WhiteTeamCountry "GER"]
[BlackTeamCountry "GER"]

1. d4 d5 2. c4 e6 3. Nc3 Nf6 4. Bg5 Be7 5. cxd5 exd5 6. e3 O-O 7. Bd3 b6 8.
Nge2 Bb7 9. O-O Nbd7 10. Rc1 c5 11. dxc5 bxc5 12. Bf5 h6 13. Bh4 Nb6 14. Na4
Nxa4 15. Qxa4 Qb6 16. Qc2 Bc8 17. b3 Bxf5 18. Qxf5 Qe6 19. Qd3 g5 20. Bg3 Rac8
21. Rfd1 Rfd8 22. h4 Ne4 23. hxg5 hxg5 24. f3 c4 25. bxc4 Nxg3 26. Nxg3 dxc4
27. Qc3 Rxd1+ 28. Rxd1 Bf6 29. Qc1 Qb6 30. Ne4 Bb2 31. Qc2 Qxe3+ 32. Kh1 Be5
33. Qc1 Qxc1 34. Rxc1 f5 35. Nc3 Kf7 36. g4 Bxc3 37. Rxc3 fxg4 38. fxg4 Ke6 39.
Kg2 Ke5 40. Kf3 Kd4 41. Re3 c3 42. Re4+ Kd3 43. Re3+ Kd2 0-1

[Event "Verbandsliga 2019-20"]
[Site "MVP"]
[Date "2019.12.08"]
[Round "4.2"]
[White "Kunow, Frank"]
[Black "Waschk, Armin"]
[Result "1/2-1/2"]
[WhiteElo "1926"]
[BlackElo "2165"]
[PlyCount "109"]
[EventDate "2019.09.29"]
[EventType "team-tourn"]
[EventRounds "9"]
[WhiteTeam "SG Neubrandenburg"]
[BlackTeam "SG Guestrow/Teterow"]
[WhiteTeamCountry "GER"]
[BlackTeamCountry "GER"]

1. Nf3 d5 2. c4 d4 3. b4 f6 4. e3 e5 5. Nxe5 fxe5 6. Qh5+ g6 7. Qxe5+ Kf7 8. c5
Be6 9. Qf4+ Nf6 10. Bb2 Nc6 11. a3 g5 12. Qxg5 Rg8 13. Qf4 Rg4 14. Qf3 Bd5 15.
Qe2 a5 16. f3 Rg5 17. f4 Rg8 18. b5 Ne7 19. Bxd4 Nf5 20. Qd3 Nxd4 21. Qxd4 Qe7
22. Nc3 Be6 23. f5 Bxf5 24. Bc4+ Be6 25. O-O Rg6 26. Bd3 Rg4 27. Qe5 Bg7 28. h3
Rh4 29. Ne4 Rxe4 30. Bxe4 Kg8 31. Bf5 Re8 32. Bxe6+ Qxe6 33. Qxc7 Qd5 34. Qd6
Qxd6 35. cxd6 Rd8 36. Rac1 Rxd6 37. Rc8+ Kf7 38. e4 Re6 39. d3 Kg6 40. g4 h5
41. gxh5+ Nxh5 42. Rd8 Ng3 43. Rf3 Ne2+ 44. Kf2 Nc3 45. Rd7 Bf6 46. Rf5 b6 47.
Kf3 Nb1 48. Rc7 Nd2+ 49. Kg4 Nb3 50. Rc6 Nd4 51. Rxe6 Nxe6 52. Rd5 Be7 53. Re5
Kf6 54. Rf5+ Kg6 55. Re5 1/2-1/2

[Event "Verbandsliga 2019-20"]
[Site "MVP"]
[Date "2019.12.08"]
[Round "4.3"]
[White "Luther, Alexander"]
[Black "Schulz, Daniel"]
[Result "1-0"]
[WhiteElo "2052"]
[BlackElo "1817"]
[PlyCount "57"]
[EventDate "2019.09.29"]
[EventType "team-tourn"]
[EventRounds "9"]
[WhiteTeam "SG Guestrow/Teterow"]
[BlackTeam "SG Neubrandenburg"]
[WhiteTeamCountry "GER"]
[BlackTeamCountry "GER"]

1. e4 c5 2. Nf3 Nc6 3. d4 cxd4 4. Nxd4 e6 5. Nc3 Be7 6. Be3 Nf6 7. Be2 a6 8.
O-O d6 9. Kh1 O-O 10. f4 e5 11. Nxc6 bxc6 12. fxe5 dxe5 13. Qe1 Qc7 14. Qg3 Kh8
15. Bg5 Ng8 16. Bc4 Bxg5 17. Qxg5 f6 18. Qe3 Rb8 19. Qc5 Qe7 20. Qxc6 Bd7 21.
Qd5 Rfd8 22. Qa5 Rdc8 23. Nd5 Qd6 24. b3 Bb5 25. Bxb5 axb5 26. Qb4 Qe6 27. Rac1
Nh6 28. Qd2 Rc5 29. Nxf6 1-0

[Event "Verbandsliga 2019-20"]
[Site "MVP"]
[Date "2019.12.08"]
[Round "4.4"]
[White "Pruesse, Horst"]
[Black "Dettmann, Gerd"]
[Result "0-1"]
[WhiteElo "2044"]
[BlackElo "2102"]
[PlyCount "92"]
[EventDate "2019.09.29"]
[EventType "team-tourn"]
[EventRounds "9"]
[WhiteTeam "SG Neubrandenburg"]
[BlackTeam "SG Guestrow/Teterow"]
[WhiteTeamCountry "GER"]
[BlackTeamCountry "GER"]

1. e4 c5 2. Nc3 d6 3. f4 g6 4. Nf3 Bg7 5. Be2 Nc6 6. O-O e6 7. Qe1 Nge7 8. Bd1
a6 9. d3 O-O 10. Qh4 Nd4 11. Ne2 Nec6 12. Qg3 Nxf3+ 13. Rxf3 f5 14. Nc3 d5 15.
e5 b5 16. h4 Bd7 17. Qf2 Qe7 18. Rh3 h5 19. Nb1 Nd8 20. Re3 Nf7 21. Qg3 Kh7 22.
Bf3 Rac8 23. Qe1 Bc6 24. Re2 Nh6 25. g3 Ng4 26. Nd2 Qa7 27. c3 Rfd8 28. Nb3 Bf8
29. Kg2 a5 30. d4 a4 31. Nxc5 Bxc5 32. dxc5 Qxc5 33. Qg1 d4 34. Bxc6 Qxc6+ 35.
Kh3 d3 36. Rg2 Qc4 37. Bd2 Rd7 38. a3 Rc6 39. Rd1 Qe4 40. Re1 Qf3 41. Rf1 Qd5
42. Rd1 Rc4 43. Qf1 Re4 44. Re1 Qc4 45. Qf3 Rxe1 46. Bxe1 Qe4 0-1

[Event "Verbandsliga 2019-20"]
[Site "MVP"]
[Date "2019.12.08"]
[Round "4.5"]
[White "Gebert-Vangeel, Ralf"]
[Black "Hoerhold, Martin"]
[Result "1/2-1/2"]
[WhiteElo "2033"]
[BlackElo "1828"]
[PlyCount "80"]
[EventDate "2019.09.29"]
[EventType "team-tourn"]
[EventRounds "9"]
[WhiteTeam "SG Guestrow/Teterow"]
[BlackTeam "SG Neubrandenburg"]
[WhiteTeamCountry "GER"]
[BlackTeamCountry "GER"]

1. e4 e5 2. Nf3 Nc6 3. Bc4 Nf6 4. d3 Bc5 5. O-O O-O 6. a4 a5 7. c3 Re8 8. Ng5
Rf8 9. Qb3 Qe7 10. h3 h6 11. Nf3 d6 12. Be3 Bxe3 13. fxe3 Be6 14. Bxe6 fxe6 15.
Nbd2 b6 16. Rac1 Nd8 17. d4 Nf7 18. Qc2 Qd7 19. Nh4 Rfc8 20. c4 exd4 21. exd4
e5 22. Nf5 exd4 23. Nxd4 Ne5 24. Nf5 Rf8 25. Rce1 Kh7 26. Nf3 Rae8 27. N5d4 Nh5
28. Kh2 Nf4 29. Nxe5 dxe5 30. Nb5 Qd3 31. Qxd3 Nxd3 32. Rxf8 Rxf8 33. Re2 c6
34. Nc3 Nc5 35. Rd2 Rf6 36. Kg3 Kg6 37. Rd8 Rf4 38. Rd6+ Rf6 39. Rd8 Rf4 40.
Rd6+ Rf6 1/2-1/2

[Event "Verbandsliga 2019-20"]
[Site "MVP"]
[Date "2019.12.08"]
[Round "4.6"]
[White "Rossmann, Andreas"]
[Black "Dettmann, Holger"]
[Result "0-1"]
[WhiteElo "2073"]
[BlackElo "2012"]
[PlyCount "56"]
[EventDate "2019.09.29"]
[EventType "team-tourn"]
[EventRounds "9"]
[WhiteTeam "SG Neubrandenburg"]
[BlackTeam "SG Guestrow/Teterow"]
[WhiteTeamCountry "GER"]
[BlackTeamCountry "GER"]

1. g3 d5 2. Nf3 Nc6 3. d4 e6 4. Bg2 Nf6 5. O-O Be7 6. b3 O-O 7. Bb2 b6 8. Nbd2
Bb7 9. e3 Rc8 10. Rc1 Na5 11. Bc3 Nc6 12. Ra1 Nb8 13. b4 c5 14. bxc5 bxc5 15.
Ne5 Ne4 16. Bb2 f6 17. Nef3 c4 18. c3 Nxd2 19. Nxd2 Qa5 20. Qc2 Nd7 21. e4 e5
22. dxe5 Nxe5 23. exd5 Bxd5 24. Bxd5+ Qxd5 25. Rad1 Rfd8 26. Qa4 Qb7 27. Ba3
Bxa3 28. Qxa3 Rxd2 0-1

[Event "Verbandsliga 2019-20"]
[Site "MVP"]
[Date "2019.12.08"]
[Round "4.7"]
[White "Kiel, Bernd"]
[Black "Baier, Karsten"]
[Result "1-0"]
[WhiteElo "1989"]
[BlackElo "1984"]
[PlyCount "71"]
[EventDate "2019.09.29"]
[EventType "team-tourn"]
[EventRounds "9"]
[WhiteTeam "SG Guestrow/Teterow"]
[BlackTeam "SG Neubrandenburg"]
[WhiteTeamCountry "GER"]
[BlackTeamCountry "GER"]

1. e4 c5 2. c3 e5 3. Nf3 Nc6 4. d4 exd4 5. cxd4 cxd4 6. Nxd4 Bb4+ 7. Nc3 Qa5 8.
Nb3 Bxc3+ 9. bxc3 Qxc3+ 10. Bd2 Qe5 11. Bd3 d5 12. f4 Qe7 13. e5 Qh4+ 14. g3
Qh3 15. Bf1 Qf5 16. Bg2 Nge7 17. O-O O-O 18. Rc1 a5 19. Nc5 Rd8 20. g4 Qxg4 21.
Qxg4 Bxg4 22. Nxb7 Rdb8 23. Nd6 Nd4 24. Rc7 Rb2 25. Be3 Ndf5 26. Nxf5 Nxf5 27.
Bc1 Rb5 28. a4 Rb4 29. Bxd5 Rd8 30. Bxf7+ Kh8 31. e6 Re4 32. Ba3 Nh6 33. e7
Nxf7 34. exd8=Q+ Nxd8 35. f5 Re8 36. Bb2 1-0

[Event "Verbandsliga 2019-20"]
[Site "MVP"]
[Date "2019.12.08"]
[Round "4.8"]
[White "Hartung, Lothar"]
[Black "Hornecker, Siegfried"]
[Result "0-1"]
[WhiteElo "1868"]
[BlackElo "2015"]
[PlyCount "80"]
[EventDate "2019.09.29"]
[EventType "team-tourn"]
[EventRounds "9"]
[WhiteTeam "SG Neubrandenburg"]
[BlackTeam "SG Guestrow/Teterow"]
[WhiteTeamCountry "GER"]
[BlackTeamCountry "GER"]

1. d4 Nf6 2. Bf4 d5 3. e3 Bf5 4. Bd3 e6 5. Nf3 Ne4 6. O-O Nd7 7. Nbd2 Ndf6 8.
Ne5 c6 9. h3 g5 10. Bxe4 Nxe4 11. Nxe4 gxf4 12. Nd2 fxe3 13. fxe3 Qg5 14. Qf3
f6 15. Nd3 O-O-O 16. Rad1 h5 17. e4 dxe4 18. Nxe4 Qh4 19. Ndf2 Bd6 20. Nxd6+
Rxd6 21. c3 Rg8 22. Kh2 Rd7 23. g3 Qg5 24. Qf4 Qxf4 25. gxf4 Rdg7 26. Rg1 Kd7
27. Rxg7+ Rxg7 28. Re1 Kd6 29. Ne4+ Bxe4 30. Rxe4 Kd5 31. Re3 b5 32. Rg3 Rxg3
33. Kxg3 Ke4 34. Kh4 Kxf4 35. Kxh5 e5 36. Kg6 e4 37. h4 e3 38. h5 e2 39. h6
e1=Q 40. h7 Qe8+ 0-1